000 00335nam a2200133 i 4500
001 bg
100 1 _aKempa, Edward Stanisław
_d(1927- ).
245 1 0 _aSystematyka osadów ściekowych /
_cEdward S. Kempa.
260 _aWrocław,
_c1976.
040 _cBPK
041 _apol
942 _cKS
008 s pl f |000 0 pol
999 _c16977
_d16977
856 _uhttp://koha.tu.koszalin.pl/cgi-bin/koha/opac-detail.pl?biblionumber=16977
_yKatalog online BPK